000 01171cam a22003377a 4500
003 CHAP
005 20220329142256.0
008 000502d1998 uk a r 00010 eng d
010 _a80955
011 _a81927
020 _a0851992552
035 _a92411
040 _cCHAP
082 0 4 _a634.95
_bD3
100 0 0 _aDawkins, H. Colyear.
_931317
245 1 0 _aTropical moist forest silviculture and management :
_ba history of success and failure
_c/by H. Colyear Dawkins and Michael S. Philip
260 _aOxon :
_bCAB International,
_c1998.
300 _a359 p. :
_bilus.
590 _aBATCH-UPD
_b10
_c20130110
_lUCH01
_h1653
590 _aBATCH-UPD
_b10
_c20130410
_lUCH01
_h1042
590 _aBATCH-UPD
_b10
_c20130914
_lUCH01
_h0721
590 _aBATCH-UPD
_b10
_c20130914
_lUCH01
_h2150
590 _aCONVERSION
_b10
_c20130109
_lUCH01
_h1345
650 1 4 _aBosques
_xAdministración
_xAsia.
_914008
650 1 4 _aBosques
_xTrópicos.
_914401
650 1 4 _aSilvicultura
_xPublicaciones periódicas.
_9106124
901 _aBK
905 _aLilia Sánchez G.
942 _cLIBRO
949 _a634.95 D3
_bBC
_cLIBRO
_d33724000778759
_eLIBRO
_gI.203425
_h97866
_i92411
_si
_t$1.486.00
999 _c80955
_d80955